000 00576nam a2200193Ia 4500
005 20250507130249.0
008 008 250505s9999 xx 000 0 eng d
037 _aSeries Article
040 _aEASL
_beng
_cEASL
041 _aeng
_2eng
084 _qEASL
100 _aTam Waikeung
_9669169
245 0 _aHealth care reform and patient's trust in physicians in urban Beijing
260 _aUK
_bLondon Cambridge Univesity Press UK
_c2012
300 _a827-843p.
650 _aChinese History; Health
_9755055
942 _cSRA
999 _c1318649
_d1318649